000 00729nam a2200157 a 4500
001 000020516
005 20200930011125.0
008 100322s2004 cu 000 0 spa d
040 _aDO-SdBNP
_bspa
_cBNPHU
082 _axxxx
_bxxx
100 1 _aPeiró Silla, José María
_943233
245 1 0 _aPsicología de la organización /
_cJosé María Peiró Silla.
260 _aLa Habana, Cuba :
_bFéliz Varela,
_c2004.
300 _a394 p. ;
_c24 cm.
500 _aLa presente reproducción se realiza en virtud de la licencia especial No. 22 de fecha 22 de junio 2004, otorgada por el Centro Nacional de Derecho de Autor, de conformidad con lo dispuesto en el artículo 37 de la Ley No 14 de Derecho de Autor de 28 de diciembre de 1977.
999 _c20020
_d20020